logo

Bir Sreshtho Munshi Abdur Rouf Library
Jhenaidah Cadet College

Fundamentals of applied electromagnetics / (Record no. 14278)

MARC details
000 -LEADER
fixed length control field 00754nam a2200253 a 4500
001 - CONTROL NUMBER
JCCL Control Number 14278
003 - CONTROL NUMBER IDENTIFIER
JCCL marc code BD-JhCC
005 - DATE AND TIME OF LATEST TRANSACTION
control field 20250226113926.0
008 - FIXED-LENGTH DATA ELEMENTS--GENERAL INFORMATION
fixed length control field 250226b2006 e a|||| ||a| 001 0 eng d
020 ## - INTERNATIONAL STANDARD BOOK NUMBER
International Standard Book Number 0131857029
035 ## - SYSTEM CONTROL NUMBER
system control number (BD-JhCC)14278
040 ## - CATALOGING SOURCE
Original cataloging agency BD-JhCC
Modifying agency BD-JhCC
041 ## - LANGUAGE CODE
Language code of Book english
082 ## - DEWEY DECIMAL CLASSIFICATION NUMBER
Classification number 658.403
Author mark and Year BAR 2006
100 ## - MAIN ENTRY--PERSONAL NAME
Personal name Render,Barry
245 ## - TITLE STATEMENT
Title Fundamentals of applied electromagnetics /
Statement of responsibility, etc Barry Render, Ralph M. Stair, Michael E. Hanna.
260 ## - PUBLICATION, DISTRIBUTION, ETC. (IMPRINT)
Place of publication, distribution, etc New York:
Name of publisher, distributor, etc Recording for the Blind & Dyslexic;
Date of publication, distribution, etc 2006.
300 ## - PHYSICAL DESCRIPTION
Pagination 731 p. :
Other physical details ill;
Dimensions 24 cm
650 ## - SUBJECT ADDED ENTRY--TOPICAL TERM
Topical term or geographic name as entry element Decision support systems, management decision-making
700 ## - ADDED ENTRY--PERSONAL NAME
Personal name Stair, Ralph M.
700 ## - ADDED ENTRY--PERSONAL NAME
Personal name . Hanna, Michael E
942 ## - ADDED ENTRY ELEMENTS (KOHA)
Source of classification or shelving scheme Dewey Decimal Classification
Koha item type Books
Holdings
Source of classification or shelving scheme Damaged status Not for loan Home library Current library Shelving location Date of accession Source of acquisition Total Checkouts Full call number Barcode Date last seen Copy number Method of acquisition Koha item type Currency
Dewey Decimal Classification     JCC Rouf Library JCC Rouf Library General Stacks   With the compliments of Shahriar Imtiaz Rahman,27/1483/K   658.403 BAR 2006 19882 02/26/2025 C-1 Gift/Donation Books BDT

JCC Library | Contacts | JCC Home

Last Update on 23 September 2017
Copyright @ 2017-2020 JCC Rouf Library
Rouf Library, Jhenidah Cadet College (JCC), Bangladesh